| 000 | 00817cam a22002531i 4500 | ||
|---|---|---|---|
| 001 | 0000003896 | ||
| 003 | OSt | ||
| 005 | 20140825164138.0 | ||
| 008 | 861205s1949 nyu 000 0 eng | ||
| 035 | _argt65469019 | ||
| 040 |
_aPUL _cPUL |
||
| 050 |
_aBX8231 _b.L83 1949 |
||
| 100 | 1 | 0 |
_aLuccock, Halford Edward, _d1885-1960. |
| 245 | 1 | 4 |
_aThe story of Methodism / _cby Halford E. Luccock and Paul Hutchinson ; with two final chapters by Robert W. Goodloe ; illustrations by Harold Speakman. --. |
| 260 | 0 |
_aNew York ; _aNashville : _bAbingdon Press, _cc1949. |
|
| 300 |
_a528 p. : _bill. ; _c24 cm. |
||
| 500 | _aIncludes index. | ||
| 600 | 1 | 0 |
_aWesley, John, _d1703-1791. |
| 650 | 0 | _aMethodism. | |
| 700 | 1 | 0 |
_aHutchinson, Paul, _ejoint ed. |
| 700 | 1 | 0 | _aGoodloe, Robert W. |
| 908 | _a050322 | ||
| 942 |
_2lcc _cBK |
||
| 999 |
_c3757 _d3757 |
||